000
00308nam a2200121Ia 4500
008
220204s9999 xx 000 0 und d
082
_a
93/99
_b
BRA
245
0
_a
Milestones of history.1.Ancient empires
260
_a
New York
_b
Newsweek
_c
1970
505
_a
Set price
700
_a
Brandon, S G G
942
_c
BK
999
_c
35997
_d
35997